KTO MOŻE SKORZYSTAĆ Z BILETU ULGOWEGO? - Statystyki

Ogólne statystyki
  • Ten quiz został rozwiązany 33 razy
  • Średni wynik to 4 z 6
Statystyki odpowiedzi
Odpowiedź % Poprawnych
EMERYT
87%
STUDENT
87%
UCZEŃ
83%
NIEPEŁNOSPRAWNY
70%
RENCISTA
40%
KOMBATANT
20%
Nie znaleziono quizów pasujących do podanych kryteriów
Rozkład punktacji
Procent ludzi z każdym wynikiem
Percentyl według liczby udzielonych odpowiedzi
Twoja historia wyników
Nie rozwiązałeś tego quizu